000 01876nam a2200313 u 4500
001 000790301
003 AM-YeHGA
005 20250617144136.0
008 110221s1975 ||||||||r|||||000|0|rus|d
040 _aAM-YeHGA
041 0 _arus
245 0 0 _aХимические и физиологические проблемы создания и использования синтетической пищи. Углеводное питание /
_c[Редкол.: ... А.М. Уголев (отв. ред.) [и др.]] ; Институт физиологии им. И.П. Павлова АН СССР, Институт элементоорганических соединений, Институт медико-биологических проблем МЗ СССР, Институт биологии АН ЛатвССР.
246 1 5 _aChemical and physiological problems of the making and utilization of the syntetic food. Carbohydrate feeding
260 _aРига :
_bЗинатне,
_c1975.
300 _a232 с. :
_bграф., табл. ;
_c20 см.
504 _aБиблиогр.: с. 215-220
650 1 4 _aПитательная пригодность
650 1 4 _aПищевые углеводы
_xМетаболизм
650 1 4 _aБиохимия
650 1 4 _aПищеварение
650 1 4 _aПищеварительной системы физиология
650 1 4 _aНаучные исследования
700 1 _aУголев, А.М.
_eред.
_4edt
710 2 _aИнститут физиологии им. И.П. Павлова АН СССР
710 2 _aИнститут элементоорганических соединений
710 2 _aИнститут медико-биологических проблем МЗ СССР
710 2 _aИнститут биологии АН ЛатвССР
090 _c290120
999 _c288447
_d288447